| 000 | 01338nam a2200229Ia 4500 | ||
|---|---|---|---|
| 003 | Ost | ||
| 005 | 20260507075507.0 | ||
| 008 | 260507s9999||||xx |||||||||||||| ||und|| | ||
| 020 | _a9789957499341 | ||
| 040 | _cfsecg | ||
| 041 | _aara | ||
| 082 | _a658.403 | ||
| 100 |
_aجلدة، سليم بطرس _eمؤلف |
||
| 245 | 0 |
_aأساليب اتخاذ القرارات الإدارية الفعالة / _c سليم بطرس جلدة |
|
| 260 |
_aعمان: _bدار الراية, _c2009 |
||
| 300 |
_a202 صفحة؛ _bإيضاحات ؛ _c25 سم |
||
| 504 | _aببليوغرافيا:ص ص .199-202 | ||
| 520 | _aالمفاهيم الأساسية في القرارات الإدارية،مفهوم الترشيد،العلاقة بين اتخاذ القرارات وحل المشكلات،أساليب اتخاذ القرارات ،أنواع القرارات الادارية،دور السياسة في صنع القرارات،الاتصالات ودورها في اتخاذ القرارات،نظم دعم القرارات والإدارة الالكترونية،الإبداع والابتكار في اتخاذ القرارات،مشاكل ومعوقات اتخاذ القرارات في الدول النامية | ||
| 653 | _aاتخاذ القرارات | ||
| 653 | _aالإدارة التنفيذية | ||
| 942 | _cكتاب | ||
| 999 |
_c44721 _d44721 |
||